Mario Kart 8 Deluxe All Customizables - Statistics

General Stats
  • This quiz has been taken 29 times
  • The average score is 91 of 193
Answer Stats
Hint Answer % Correct
Character Baby Peach
100%
Mii Costumes Bowser
100%
Character Bowser Jr
100%
Character | Mii Costumes Daisy
100%
Character Diddy Kong
100%
Character | Mii Costumes Donkey Kong
100%
Character | Mii Costumes Dry Bowser
100%
Character Funky Kong
100%
Character Green Yoshi
100%
Character Iggy
100%
Character Kamek
100%
Character Lemmy
100%
Mii Costumes Link
100%
Character | Mii Costumes Luigi
100%
Character | Mii Costumes Mario
100%
Character Orange Inkling Girl
100%
Character | Mii Costumes Peach
100%
Character Red Shy Guy
100%
Character | Mii Costumes Rosalina
100%
Mii Costumes Yoshi
100%
Character Baby Daisy
83%
Character Baby Luigi
83%
Character Baby Mario
83%
Character Baby Rosalina
83%
Mii Costumes Birdo
83%
Character Blue Shy Guy
83%
Character Cat Peach
83%
Character Dry Bones
83%
Character Isabelle
83%
Character King Boo
83%
Character Koopa Troopa
83%
Character Larry
83%
Character Light Blue Yoshi
83%
Character Ludwig
83%
Character Morton
83%
Character Pauline
83%
Character Pink Gold Peach
83%
Character Red Yoshi
83%
Character Roy
83%
Character | Mii Costumes Toad
83%
Character | Mii Costumes Toadette
83%
Character Waluigi
83%
Character | Mii Costumes Wario
83%
Character Wendy
83%
Character Black Shy Guy
67%
Character Black Yoshi
67%
Character Blue Inkling Boy
67%
Mii Costumes Captain Falcon
67%
Character Gold Mario
67%
Character Green Shy Guy
67%
Character Light Blue Shy Guy
67%
Tires Metal
67%
Character Metal Mario
67%
Character Orange Yoshi
67%
Character Peachette
67%
Character Pink Yoshi
67%
Character Purple Yoshi
67%
Tires Standard
67%
Karts Standard Kart
67%
Character Tanooki Mario
67%
Character Villager Boy
67%
Character Villager Girl
67%
Character White Shy Guy
67%
Character White Yoshi
67%
Character | Mii Costumes Wiggler
67%
Character Yellow Shy Guy
67%
Character Yellow Yoshi
67%
Karts Blue Falcon
50%
Mii Costumes Fox
50%
Character Green Inkling Girl
50%
Character Lakitu
50%
Character Mii
50%
Tires Monster
50%
Character Orange Shy Guy
50%
Gliders Paper Glider
50%
Gliders Parafoil
50%
Character | Mii Costumes Petey Piranha
50%
Character Pink Inkling Girl
50%
Character Pink Shy Guy
50%
Character Purple Inkling Boy
50%
Mii Costumes Samus
50%
Mii Costumes Sonic
50%
Bikes Standard Bike
50%
Sport Bikes Yoshi Bike
50%
Karts B Dasher
33%
Karts Biddybuggy
33%
Character Black Birdo
33%
Tires Button
33%
Bikes City Tripper
33%
Gliders Cloud Glider
33%
Gliders Gold Glider
33%
Karts Gold Standard
33%
Tires Gold Tires
33%
Mii Costumes Goomba
33%
Character Green Birdo
33%
Mii Costumes Kirby
33%
Character Light Blue Birdo
33%
Sport Bikes Master Cycle
33%
Mii Costumes Mega Man
33%
Bikes Mr. Scooty
33%
Character Orange Birdo
33%
Mii Costumes PAC-MAN
33%
Gliders Paraglider
33%
Mii Costumes Pikmin
33%
Karts Pipe Frame
33%
Character Purple Birdo
33%
Character Red Birdo
33%
Tires Roller
33%
Tires Slick
33%
Tires Slim
33%
Mii Costumes Splatoon
33%
Tires Sponge
33%
ATVs Standard ATV
33%
Bikes The Duke
33%
Gliders Wario Glider
33%
Character White Birdo
33%
Character Yellow Birdo
33%
Mii Costumes Animal Crossing
17%
Mii Costumes Blooper
17%
Gliders Bowser Kite
17%
Character Breath of the Wild Link
17%
Mii Costumes Castle
17%
Mii Costumes Cheep Cheep
17%
Karts Circuit Special
17%
Character Classic Link
17%
Tires Crimson Slim
17%
Tires Cushion
17%
Gliders Flower Glider
17%
Karts GLA
17%
Tires GLA Tires
17%
ATVs Inkstriker
17%
Sport Bikes Jet Bike
17%
Karts Koopa Clown
17%
Tires Leaf Tires
17%
Karts Mach 8
17%
Bikes Master Cycle Zero
17%
Gliders MKTV Parafoil
17%
Gliders Parachute
17%
Character Pink Birdo
17%
Karts P-Wing
17%
ATVs Splat Buggy
17%
Sport Bikes Sport Bike
17%
Karts Streetle
17%
Gliders Super Glider
17%
Karts Tanooki Kart
17%
Tires Triforce Tires
17%
Karts Tri-Speeder
17%
Bikes Varmint
17%
Gliders Waddle Wing
17%
ATVs Wild Wiggler
17%
Tires Wood
17%
Karts 300 SL Roadster
0%
Tires Ancient Tires
0%
Karts Badwagon
0%
Mii Costumes ? Block
0%
Tires Blue Standard
0%
ATVs Bone Rather
0%
Karts Cat Cruiser
0%
Mii Costumes Chain Chomp
0%
Sport Bikes Comet
0%
Character Cyan Inkling Boy
0%
Tires Cyber Slick
0%
Mii Costumes Dolphin
0%
Bikes Flame Rider
0%
Gliders Hylian Kite
0%
Mii Costumes Ice Cream
0%
Mii Costumes Koopa Clown Car
0%
Karts Landship
0%
Mii Costumes Moo Moo
0%
Tires Off-Road
0%
Mii Costumes Para-Boddybud
0%
Gliders Peach Parasol
0%
Gliders Plane Glider
0%
Mii Costumes Pokey
0%
Karts Prancer
0%
ATVs Reddy Buggy
0%
Tires Retro Off-Road
0%
Karts Sneeker
0%
Karts Sports Coupe
0%
Karts Steel Diver
0%
Karts W 25 Silver Arrow
0%
No matching quizzes found
Score Distribution
Percent of People with Each Score
Percentile by Number Answered
Your Score History
You have not taken this quiz